000
00303nam a22001337a 4500
008
170712b xxu||||| |||| 00| 0 eng d
020
_a
9780809230105
041
_a
eng
080
_a
038
100
_a
26
101
_a
FJA
245
_a
DICTIONARY OF THE PERFORMING ARTS
_c
MOORE, F.L
942
_2
udc
_c
BK
999
_c
20330
_d
20330